000 00213 a2200097 4500
001 48476
100 _aDigest, R
245 _aGreat world atlas
260 _aLondon
_bThe readers digest
_c
090 _c31412
_d31412
942 _aNUST-CAE
_cM
_c23795
999 _c283549
_d283549